Statistics for Prime Ministers of Laos by Picture

Click here to take the quiz!

General Stats

  • This quiz has been taken 3 times
  • The average score is 14 of 18

Answer Stats

Answer% Correct
Boun Oum
100%
Kaysone Phomvihane
100%
Khamtai Siphandone
100%
Phetsarath Ratanavongsa
100%
Phoui Sananikone
100%
Sisavang Vatthana
100%
Souvanna Phouma
100%
Bounnhang Vorachit
67%
Katay Don Sasorith
67%
Kindavong
67%
Phankham Viphavanh
67%
Phaya Khammao
67%
Sisavath Keobounphanh
67%
Sonexay Siphandone
67%
Souvannarath
67%
Thongloun Sisoulith
67%
Bouasone Bouphavanh
33%
Thongsing Thammavong
33%

Score Distribution

Percentile by Number Answered

Percent of People with Each Score

Your Score History

You have not taken this quiz